000 00685nam a22001937a 4500
999 _c171159
_d171159
005 20200107160335.0
010 _aA-551080
020 _c55.00
_a-
035 _aA-551080
037 _bDBAD/PUB
_a-
082 _a270.92
100 _aمحمد صبغتہ اللہ
245 _aتصو ف ا و ر صو فيا ۓ کر ا م
_cمحمد صبغتہ اللہ
246 _bTasawoof Aur Sufia-e-Karam (Urdu)
_aby Mohd.Sibghatullah
260 _aBenglore
_bMohd.Sibghatullah
_c1992 ء
270 _aFarhat Manzil Number 22,First Cross V.R..Puram Raja Mahel
_bGuthli(Benglore)
_e5600030
_k-
_l-
300 _a270 ص
_c22 Cm(Hb)
942 _2ddc
_cUR
_h270.92
_mم ح م